Móng cọc - tiêu chuẩn thiết kế : TCVN 10304:2014 : Pile foundation - design standard
Na minha lista:
| Formato: | Livro |
|---|---|
| Idioma: | Undetermined |
| Publicado em: |
Xây dựng
2020
|
| Assuntos: | |
| Tags: |
Adicionar Tag
Sem tags, seja o primeiro a adicionar uma tag!
|
| Thư viện lưu trữ: | Trung tâm Thư viện - Trường Đại học Công nghiệp TP. Hồ Chí Minh |
|---|
| LEADER | 00505nam a2200133Ia 4500 | ||
|---|---|---|---|
| 001 | IUH_2025_00295 | ||
| 008 | 251224s9999 xx 000 0 und d | ||
| 082 | |a 624.154 | ||
| 245 | 0 | |a Móng cọc - tiêu chuẩn thiết kế : TCVN 10304:2014 : Pile foundation - design standard | |
| 260 | |b Xây dựng | ||
| 260 | |c 2020 | ||
| 650 | |a Móng cọc (Công trình dân dụng); | ||
| 927 | |a Sách | ||
| 980 | |a Trung tâm Thư viện - Trường Đại học Công nghiệp TP. Hồ Chí Minh | ||